000 00790nam a2200217 4500
001 112509
003 ES-MaACL
005 20250902041228.0
007 t|
008 061121s1955 sp r ||||1| spa d
100 1 _aMuñoz Pérez-Vizcaíno, Jesús.
_984474
245 1 0 _aAngustia, enfermedad, placer
_b: psicología de la vida cotidiana /
_cJesús Muñoz Pérez-Vizcaíno.
250 _a2ª ed.
260 _aComillas :
_bUniversidad Pontificia,
_c1955.
300 _a196 p. ;
_c18 cm.
490 1 _aPublicaciones anejas a `Miscaláneo`. Serie `ciencia y arte`
710 2 _aUniversidad Pontificia Comillas
_9173007
830 0 0 _aPublicaciones anejas a Miscaláneo.
_pSerie ciencia y arte
_9233133
852 _aES-MaACL
_jC-25652
_bR.53269
999 _c112509
_d112509